| 000 | 00757nam a22002057a 4500 | ||
|---|---|---|---|
| 999 |
_c10905 _d10905 |
||
| 003 | AR-CdUCM | ||
| 008 | 190402b ||||| |||| 00| 0 spa d | ||
| 040 |
_aMUNICIPALIDAD PROVINCIAL DEL CUSCO _cBIBLIOTECA MUNICIPAL DEL CUSCO |
||
| 082 |
_a398 / _bM39 A / 1937. |
||
| 100 |
_aMejia B., Jose _927978 |
||
| 245 | _aAspectos criollos / | ||
| 260 |
_aLima : _bLux, _c1937. |
||
| 300 |
_a123 paginas ; _bIlustraciones, _c18 cm. |
||
| 505 | _aContenido : La villa de Eten y su crónica intima -- La fiestas religiosas en la villa de Een -- El muelle del puerto -- La caleta de Santa Rosa y su crónica sencilla... | ||
| 650 |
_aFolclore _93233 |
||
| 650 |
_aPeru _9429 |
||
| 650 |
_aDepartamento de Lambayeque _927979 |
||
| 942 |
_2ddc _cLIBROS |
||
| 945 | _awnts | ||